000
00241 a2200097 4500
001
41559
100
_a
Ghai, D
245
_a
Afrarian Policies and Rural Poverty in Africa
260
_a
Geneva
_b
International Labour
_c
090
_c
25703
_d
25703
942
_a
NUST-CAE
_c
M
_c
17451
999
_c
276632
_d
276632